| 000 | 00664nam a22002297a 4500 | ||
|---|---|---|---|
| 003 | UA-OsUOA | ||
| 001 | 43376 | ||
| 007 | ta | ||
| 008 | 20090622b un ||||| |||| 00| 0 ukr d | ||
| 100 | _aАндрей | ||
| 090 |
_a26-27 _bА65 |
||
| 942 | _cBR | ||
| 040 |
_aUA-OsUOA _bukr _cUA-OsUOA _dUA-OsUOA |
||
| 245 | _aБудьмо вірні заповітам святого рівноапостольного князя Володимира Великого | ||
| 300 | _a16 с. | ||
| 955 | _a4 | ||
| 041 | _aukr | ||
| 080 | _a26-27 | ||
| 260 |
_aВінніпег _c1984 |
||
| 650 | 7 |
_a26 Християнська Церква загалом _2UDC |
|
| 999 |
_c441851 _d441851 |
||